| 000 | 008460000a22002530004500 | ||
|---|---|---|---|
| 001 | 50896 | ||
| 010 | _a972-21-1636-3 | ||
| 021 |
_aPT _b211507/04 |
||
| 100 | _a20120523d2006 d||y0pory5003 ba | ||
| 101 | 0 | _apor | |
| 102 | _aPT | ||
| 200 | 1 |
_aYnari _fOndjaki _gil. Danuta Wojciechowska _ea menina das cinco tranças |
|
| 205 | _a2.ª ed | ||
| 210 |
_aLisboa _cCaminho _d2006 |
||
| 215 |
_a43, [1] p. _cil. |
||
| 300 | _aLivro recomendado pelo PNL | ||
| 606 |
_92099 _aLiteratura infantil -- Conto |
||
| 675 |
_a821.134.3(673)-34"20" _vBN _zpor |
||
| 675 |
_a821.134.3(673)-93"20" _vBN _zpor |
||
| 700 | 1 |
_934743 _aOndjaki _cpseud. _4070 |
|
| 702 | 1 |
_948002 _aWojciechowska _bDanuta _f1960- _4440 |
|
| 801 |
_aPT _bBN _c20120523 |
||
| 090 | _a50896 | ||
| 942 |
_cMON _n0 |
||
| 999 | _a50896 | ||